000
00331nam a22001457a 4500
999
_c
262565
_d
262564
003
OSt
005
20240119121225.0
008
240119b xxu||||| |||| 00| 0 eng d
020
_a
0-68950244-3
040
_c
N/A
100
_a
Carolyn Meyer
245
_a
Eulalias Island
260
_a
New York
_b
Atheneum
_c
1982
942
_2
lcc
_c
BK